Strength of materials (Record no. 4143)

000 -LEADER
fixed length control field 00602nam a2200229 4500
001 - CONTROL NUMBER
control field 4143
003 - CONTROL NUMBER IDENTIFIER
control field BD-DhUET
008 - FIXED-LENGTH DATA ELEMENTS--GENERAL INFORMATION
fixed length control field 0
020 ## - INTERNATIONAL STANDARD BOOK NUMBER
International Standard Book Number 0070702977
040 ## - CATALOGING SOURCE
Transcribing agency 0
Modifying agency BD-DhUET
082 ## - DEWEY DECIMAL CLASSIFICATION NUMBER
Classification number 620.112
Item number WIL/1981
100 ## - MAIN ENTRY--PERSONAL NAME
Personal name Willems, Nicholas
245 ## - TITLE STATEMENT
Title Strength of materials
Statement of responsibility, etc. by Nicholas Willems, John T. Easley and Stanley T. Rolfe
250 ## - EDITION STATEMENT
Edition statement 1st ed.
260 ## - PUBLICATION, DISTRIBUTION, ETC. (IMPRINT)
Place of publication, distribution, etc. New York
Name of publisher, distributor, etc. McGraw-Hill
Date of publication, distribution, etc. 1981
300 ## - PHYSICAL DESCRIPTION
Extent xviii, 508 p.
Other physical details ill.
Dimensions 12 cm.
504 ## - BIBLIOGRAPHY, ETC. NOTE
Bibliography, etc Includes bibliographies
650 #0 - SUBJECT ADDED ENTRY--TOPICAL TERM
Topical term or geographic name as entry element Strength of materials
700 ## - ADDED ENTRY--PERSONAL NAME
Personal name Easley, John T.
700 ## - ADDED ENTRY--PERSONAL NAME
Personal name Rolfe, Stanley T.
942 ## - ADDED ENTRY ELEMENTS (KOHA)
Koha item type General Book
Holdings
Copy number Koha item type Koha full call number Withdrawn status Damaged status Koha normalized classification for sorting Shelving location Koha date last borrowed Piece designation (barcode) Not for loan Price effective from Date acquired Koha out on loan Lost status Sublocation or collection (holding branch) Location (home branch) Source of classification or shelving scheme Koha issues (times borrowed) Koha date last seen
1General Book620.112/WIL/1981  620_112000000000000_WIL_1981Circulation section2018-11-0679849 2014-11-122014-11-12  Central Library, BUETCentral Library, BUET 12018-12-18
2General Book620.112/WIL/1981  620_112000000000000_WIL_1981Circulation section2018-12-2279850 2014-11-122014-11-12  Central Library, BUETCentral Library, BUET 12019-04-24
3General Book620.112/WIL/1981  620_000000000000000_112WIL1981Circulation section 79853 2014-11-122014-11-12  Central Library, BUETCentral Library, BUET  2014-11-12
4General Book620.112/WIL/1981  620_000000000000000_112WIL1981Circulation section 81408 2014-11-122014-11-12  Central Library, BUETCentral Library, BUET  2014-11-12
5General Book620.112/WIL/1981  620_000000000000000_112WIL1981Circulation section2021-11-2979852 2014-11-122014-11-12  Central Library, BUETCentral Library, BUET 22021-12-07
6General Book620.112/WIL/1981  620_000000000000000_112WIL1981Circulation section2025-12-0879580 2014-11-122014-11-122025-12-22 Central Library, BUETCentral Library, BUET 12025-12-08
7General Book620.112/WIL/1981  620_000000000000000_112WIL1981Circulation section 81410 2014-11-122014-11-12  Central Library, BUETCentral Library, BUET  2014-11-12
8General Book620.112/WIL/1981  620_000000000000000_112WIL1981Circulation section2023-07-0879851 2014-11-122014-11-12  Central Library, BUETCentral Library, BUET 12023-07-18
9General Book620.112/WIL/1981  620_112000000000000_WIL_1981Circulation section 81409 2014-11-122014-11-12  Central Library, BUETCentral Library, BUET  2014-11-12
10General Book620.112/WIL/1981  620_112000000000000_WIL_1981Circulation section 79581  2015-02-042015-02-04  Central Library, BUETCentral Library, BUET  2015-02-04